| 000 -CABECERA |
| fixed length control field |
00683nam a22002057a 4500 |
| 003 - IDENTIFICADOR DEL NÚMERO DE CONTROL |
| control field |
AR-CdUCM |
| 008 - DATOS DE LONGITUD FIJA--INFORMACIÓN GENERAL |
| fixed length control field |
190329b ||||| |||| 00| 0 spa d |
| 040 ## - FUENTE DE LA CATALOGACIÓN |
| Agencia/entidad que catalogó originalmente la obra |
MUNICIPALIDAD PROVINCIAL DEL CUSCO |
| Entidad que transcribió la catalogación |
BIBLIOTECA MUNICIPAL DEL CUSCO |
| 082 ## - NÚMERO DE LA CLASIFICACIÓN DECIMAL DEWEY |
| No. de Clasificación |
EP / 808.068 / |
| Notacion interna |
R81 |
| No. de la edición |
6ed. |
| 100 ## - ENTRADA PRINCIPAL--NOMBRE DE PERSONA |
| Nombre Personal |
Romero, María |
| 245 ## - MENCIÓN DE TÍTULO |
| Título |
Los Mejores Versos para Niños / |
| 260 ## - PUBLICACIÓN, DISTRIBUCIÓN, ETC. |
| Lugar de publicación, distribución, etc. |
Santiago de Chile : |
| Nombre de la editorial, distribuidor, etc. |
Empresa Editora Zig-Zag, S. A. ; |
| Fecha de publicación, distribución, etc. |
1960. |
| 300 ## - DESCRIPCIÓN FÍSICA |
| Nº de Páginas Extensión |
300 páginas ; |
| Otros detalles físicos |
Ilustraciones |
| Dimensiones |
21cm |
| 440 ## - MENCIÓN DE SERIE/PUNTO DE ACCESO ADICIONAL--TÍTULO |
| Título |
Biblioteca Infantil |
| Número de la parte/sección de una obra |
Serie Azul |
| 9 (RLIN) |
27903 |
| 505 ## - NOTA DE CONTENIDO CON FORMATO |
| Nota de contenido formateada |
Contenido: Poesía |
| 650 ## - PUNTO DE ACCESO ADICIONAL DE MATERIA--TÉRMINO DE MATERIA |
| Descriptor |
Literatura infantil |
| 9 (RLIN) |
588 |
| 650 ## - PUNTO DE ACCESO ADICIONAL DE MATERIA--TÉRMINO DE MATERIA |
| Descriptor |
Poesía |
| 9 (RLIN) |
139 |
| 942 ## - ELEMENTOS DE PUNTO DE ACCESO ADICIONAL (KOHA) |
| Fuente de clasificación |
|
| Tipo de item |
Libros-BMC |
| 945 ## - PROCESAMIENTO DE INFORMACIÓN LOCAL (OCLC) |
| Catalogador |
nom |